[Event "Live Chess"]
[Site "Chess.com"]
[Date "2020.05.10"]
[White "Sauvage, Eric"]
[Black "Dans, Guy"]
[Result "1-0"]
[WhiteElo "1484"]
[BlackElo "914"]
[Round "1"]
[WhiteCountry "bel"]
[BlackCountry "bel"]

{ Cadence : 600+5 } 1. e4 e5 2. Nf3 Nc6 3. Bb5 d6 4. O-O Nf6 5. Re1 Be7 6. 
d4 Bd7 7. d5 Nb4 8. Bf1 a5 9. a3 Na6 10. h3 O-O 11. c4 c6 12. Nc3 Nc5 13. Bg5 
cxd5 14. cxd5 Nh5 15. Be3 f5 16. Bxc5 dxc5 17. Nxe5 fxe4 18. Qxh5 Bf5 19. Qd1 
Bh4 20. g3 Qg5 21. Kh2 Bxg3+ 22. fxg3 Bg6 23. Ng4 Rf3 24. Nxe4 Qf5 25. Bg2 
Rf2 26. Nexf2 Bh5 27. d6 Bxg4 28. Nxg4 Rf8 29. Qd5+ Qxd5 30. Bxd5+ Kh8 31. 
d7 Rd8 32. Re8+ 1-0

[Event "Live Chess"]
[Site "Chess.com"]
[Date "2020.05.10"]
[White "Dans, Guy"]
[Black "Sauvage, Eric"]
[Result "0-1"]
[WhiteElo "912"]
[BlackElo "1487"]
[Round "2"]
[WhiteCountry "bel"]
[BlackCountry "bel"]

{ Cadence : 600+5 } 1. e4 e6 2. d4 d5 3. exd5 Qxd5 4. Nf3 Nf6 5. c4 Qd8 6. 
Be2 b6 7. O-O Bb7 8. Nbd2 Be7 9. b3 O-O 10. Bb2 Nbd7 11. Re1 c5 12. dxc5 Nxc5 
13. b4 Nce4 14. Nxe4 Bxe4 15. Nd4 Bxb4 16. Nc6 Bxc6 17. Bxf6 Qxf6 18. Rb1 Bxe1 
19. Qxe1 Rad8 20. f3 Rd4 21. Qc3 Rd1+ 22. Rxd1 Qxc3 0-1

[Event "Live Chess"]
[Site "Chess.com"]
[Date "2020.05.10"]
[White "Morgenthal, Renaud"]
[Black "Szigetvari, Andre"]
[Result "0-1"]
[WhiteElo "1137"]
[BlackElo "1244"]
[Round "1"]
[WhiteCountry "bel"]
[BlackCountry "bel"]

{ Cadence : 600+5 } 1. e4 c5 2. d4 cxd4 3. c3 d3 4. Bxd3 Nc6 5. c4 d6 6. Nf3 
Bg4 7. Nc3 e6 8. O-O Be7 9. Be2 Nf6 10. Bg5 O-O 11. h3 Bh5 12. Rc1 a6 13. a3 
Rc8 14. b4 Bxf3 15. Bxf3 Ne5 16. Be2 Nxc4 17. a4 Qb6 18. Nd5 Nxd5 19. Bxe7 
Nxe7 20. Bxc4 Qxb4 21. Be2 Rxc1 22. Qxc1 Rc8 23. Qd1 d5 24. exd5 Nxd5 25. Bf3 
Rd8 26. Qc2 Qc3 27. Qb1 Qc6 28. Rc1 Qd7 29. Rd1 b5 30. axb5 Qxb5 31. Qe4 a5 
32. Be2 Qc5 33. Qe5 Qc2 34. Qe3 a4 35. Qb6 Ra8 36. Qb7 Qc8 37. Qb5 Nc3 38. 
Qd3 Nxd1 39. Qxd1 a3 40. Qa1 a2 41. Bf3 Ra7 42. Kh2 Qb8+ 43. g3 g6 44. Be4 
Qb4 45. Bc2 Qd2 46. Bb3 Qxf2+ 47. Kh1 Qf3+ 48. Kh2 Qxb3 49. h4 Qb1 50. Qd4 
a1=Q 51. Qd8+ Kg7 52. Qg8+ Kxg8 0-1

[Event "Live Chess"]
[Site "Chess.com"]
[Date "2020.05.10"]
[White "Szigetvari, Andre"]
[Black "Morgenthal, Renaud"]
[Result "1-0"]
[WhiteElo "1224"]
[BlackElo "1156"]
[Round "2"]
[WhiteCountry "bel"]
[BlackCountry "bel"]

{ Cadence : 600+5 } 1. e4 e6 2. d4 d5 3. exd5 exd5 4. Bd3 Be7 5. Nf3 Nf6 6. 
O-O O-O 7. Re1 Bg4 8. Bg5 Re8 9. Nbd2 Nbd7 10. c3 c5 11. dxc5 Nxc5 12. Bb1 
h6 13. Bh4 Nfe4 14. Bxe7 Rxe7 15. Qc2 Bf5 16. Nd4 Bg6 17. Qd1 Qd7 18. Nxe4 
Nxe4 19. f3 Nc5 20. Bxg6 Rxe1+ 21. Qxe1 Re8 22. Qd2 fxg6 23. Re1 Rxe1+ 24. 
Qxe1 Nd3 25. Qd2 Ne5 26. Kf2 Qf7 27. h3 g5 28. Qe3 Nc4 29. Qe2 a6 30. b3 Nd6 
31. Qe5 Nb5 32. Nxb5 axb5 33. Ke3 g6 34. Kd4 Qf4+ 35. Qxf4 gxf4 36. Kxd5 Kf7 
37. Kc5 Ke6 38. Kxb5 Kd6 39. Kb6 Kd5 40. a4 1-0

[Event "Live Chess"]
[Site "Chess.com"]
[Date "2020.05.10"]
[White "Marchal, Georges"]
[Black "Hubert, Rene"]
[Result "0-1"]
[WhiteElo "1193"]
[BlackElo "1242"]
[Round "1"]
[WhiteCountry "bel"]
[BlackCountry "bel"]

{ Cadence : 600+5 } 1. e4 c6 2. d4 d5 3. Nc3 dxe4 4. f3 Nf6 5. fxe4 e6 6. Bg5 
Be7 7. Nf3 Nbd7 8. Bd3 h6 9. Bh4 O-O 10. O-O Nh7 11. Bxe7 Qxe7 12. e5 b6 13. 
Qe1 b5 14. Bxh7+ Kxh7 15. Qe4+ g6 16. Qxc6 Rb8 17. Nxb5 Bb7 18. Qc3 Ba6 19. 
Nd6 Bxf1 20. Rxf1 f6 21. b3 fxe5 22. dxe5 Nb6 23. Qe1 Nc8 24. Nd4 Nxd6 25. 
Nc6 Rxf1+ 26. Qxf1 Qc7 27. Nxb8 Qc5+ 28. Kh1 Nf5 29. Qd3 Qxe5 30. Qd7+ Ng7 
31. Qd1 Qxb8 32. c4 Qb4 33. Kg1 h5 34. Qf1 Qc5+ 35. Kh1 e5 36. h3 e4 37. Qf4 
e3 38. Qf3 Qe7 39. Qe2 Nf5 40. c5 Ng3+ 0-1

[Event "Live Chess"]
[Site "Chess.com"]
[Date "2020.05.10"]
[White "Hubert, Rene"]
[Black "Marchal, Georges"]
[Result "1/2-1/2"]
[WhiteElo "1240"]
[BlackElo "1196"]
[Round "2"]
[WhiteCountry "bel"]
[BlackCountry "bel"]

{ Cadence : 600+5 } 1. e4 Nf6 2. e5 Nd5 3. d4 d6 4. Nf3 dxe5 5. dxe5 Nc6 6. 
c4 Nb6 7. Qxd8+ Nxd8 8. b3 e6 9. Bd2 Nc6 10. Bd3 Nb4 11. Be2 Nc2+ 12. Kd1 Nxa1 
13. Bc3 Nxb3 14. axb3 Be7 15. Nd4 Nd7 16. Nb5 Kd8 17. b4 a6 18. Nd4 Nxe5 19. 
Nxe6+ fxe6 20. Bxe5 Bxb4 21. Kc2 Rg8 22. Rd1+ Bd7 23. Bg4 Ke7 24. Bxc7 Ba4+ 
25. Kb2 Bxd1 26. Bxd1 Rac8 27. Bf4 Rxc4 28. Bg5+ Kd6 29. Kb3 Rg4 30. Bxg4 1/2-1/2

[Event "Live Chess"]
[Site "Chess.com"]
[Date "2020.05.12"]
[White "Nadin, Corinne"]
[Black "Pitz, Luc"]
[Result "1-0"]
[WhiteElo "1270"]
[BlackElo "1245"]
[Round "1"]
[WhiteCountry "bel"]
[BlackCountry "bel"]

{ Cadence : 600+5 } 1. d4 f5 2. c4 Nf6 3. Nf3 e6 4. g3 Be7 5. Bg2 O-O 6. O-O 
c6 7. Nc3 d5 8. cxd5 cxd5 9. e3 b6 10. b3 Ba6 11. Re1 Bb4 12. Bb2 Ne4 13. Rc1 
Nd7 14. a3 Bxc3 15. Bxc3 Nxc3 16. Rxc3 Rc8 17. Rxc8 Qxc8 18. Qc1 Nf6 19. Ne5 
Qxc1 20. Rxc1 Rc8 21. Rxc8+ Bxc8 22. f3 Nd7 23. Nc6 Ba6 24. Nxa7 Nb8 25. Bf1 
Kf7 26. Nb5 Nc6 27. Nd6+ Ke7 28. Nxf5+ exf5 29. Bxa6 Nb8 30. Bd3 g6 31. Kf2 
Nc6 32. Bb5 Na5 33. b4 Nb3 34. Ke2 Kf6 35. Kd3 Nc1+ 36. Kc2 Ne2 37. Bxe2 1-0

[Event "Live Chess"]
[Site "Chess.com"]
[Date "2020.05.12"]
[White "Pitz, Luc"]
[Black "Nadin, Corinne"]
[Result "0-1"]
[WhiteElo "1225"]
[BlackElo "1290"]
[Round "2"]
[WhiteCountry "bel"]
[BlackCountry "bel"]

{ Cadence : 600+5 } 1. f4 d5 2. Nf3 Nf6 3. e3 Bg4 4. Be2 Bxf3 5. Bxf3 e6 6. 
O-O Be7 7. d3 Nbd7 8. Qe1 c6 9. Nc3 Qb6 10. Kh1 O-O-O 11. a4 e5 12. a5 Qc7 
13. Ne2 exf4 14. e4 g5 15. b4 dxe4 16. dxe4 Qe5 17. Rb1 Nxe4 18. Bb2 Qe6 19. 
Bxh8 Rxh8 20. Nd4 Qd6 21. Qxe4 Nf6 22. Qf5+ Kb8 23. c3 h5 24. Rbd1 Qc7 25. 
Rfe1 g4 26. Be4 g3 27. h3 Nh7 28. Qxf7 Ng5 29. Qf5 Rf8 30. Qg6 Rh8 31. Ne6 
Qc8 32. Nxg5 Bxg5 33. Qxg5 Qf8 34. Qe5+ Ka8 35. Rf1 Qc8 36. Qd6 Rf8 37. Qd7 
Qb8 38. Rd6 a6 39. Rh6 Rh8 40. Rd6 h4 41. Rfd1 Ka7 42. Qd8 Rxd8 43. Rxd8 Qc7 
44. R8d7 Qe5 45. Rh7 Qxe4 46. Kg1 Qc2 47. Rf1 Qxc3 48. Rxh4 Qe3+ 49. Kh1 Qe2 
50. Rhxf4 Qe3 51. h4 b6 52. axb6+ Kxb6 53. h5 Qe8 54. h6 Qh5+ 0-1

[Event "Live Chess"]
[Site "Chess.com"]
[Date "2020.05.12"]
[White "Marchal, Georges"]
[Black "Dans, Guy"]
[Result "1-0"]
[WhiteElo "1215"]
[BlackElo "885"]
[Round "4"]
[WhiteCountry "bel"]
[BlackCountry "bel"]

{ Cadence : 600+5 } 1. d4 d5 2. e4 c6 3. Nc3 e6 4. Bd3 Bb4 5. Bd2 Ne7 6. e5 
Ng6 7. h4 Nxh4 8. Qg4 Ng6 9. Bxg6 fxg6 10. Rxh7 Rxh7 11. Qxg6+ Kd7 12. Qxh7 
Qe7 13. Nf3 Kc7 14. a3 Bxc3 15. Bxc3 Nd7 16. O-O-O Nf8 17. Qh4 Qe8 18. Qg5 
g6 19. Rh1 b6 20. Bb4 Ba6 21. Bxf8 Qxf8 22. Rh7+ Kb8 23. Qf6 Qxf6 24. exf6 
Bc8 25. f7 a5 26. f8=Q Ra7 27. Qd6+ Rc7 28. Qxc7+ 1-0

[Event "Live Chess"]
[Site "Chess.com"]
[Date "2020.05.12"]
[White "Dans, Guy"]
[Black "Marchal, Georges"]
[Result "0-1"]
[WhiteElo "893"]
[BlackElo "1209"]
[Round "3"]
[WhiteCountry "bel"]
[BlackCountry "bel"]

{ Cadence : 600+5 } 1. e4 e5 2. Nf3 Nc6 3. Bb5 a6 4. Ba4 b5 5. Bb3 Nf6 6. O-O 
Be7 7. c3 O-O 8. Re1 d5 9. exd5 Nxd5 10. Nxe5 Nxe5 11. Rxe5 Nf6 12. d4 Bd6 
13. Re1 Ng4 14. Qf3 Bxh2+ 15. Kf1 Bd7 16. Be3 Bd6 17. Nd2 Nh2+ 0-1

[Event "Live Chess"]
[Site "Chess.com"]
[Date "2020.05.12"]
[White "Hubert, Rene"]
[Black "Morgenthal, Renaud"]
[Result "0-1"]
[WhiteElo "1218"]
[BlackElo "1165"]
[Round "3"]
[WhiteCountry "bel"]
[BlackCountry "bel"]

{ Cadence : 600+5 } 1. e4 e6 2. d3 d5 3. Nd2 Nf6 4. g3 dxe4 5. dxe4 e5 6. Bg2 
Bd7 7. Ngf3 Bd6 8. O-O Nc6 9. Re1 O-O 10. Qe2 Re8 11. Nb3 Bg4 12. h3 Be6 13. 
c4 Qc8 14. Qf1 Nb4 15. Rd1 Nxe4 16. a3 Nc6 17. Ng5 Nxg5 18. Bxg5 Be7 19. Bxc6 
bxc6 20. Bxe7 Bxh3 21. Qd3 Rxe7 22. Qe4 Bd7 23. Nc5 Be8 24. b4 f6 25. a4 Rb8 
26. b5 cxb5 27. axb5 Ra8 28. Ra6 Bg6 29. Qd5+ Bf7 30. Qe4 f5 31. Qc2 Bg6 32. 
Rda1 f4 33. Qb3 Bf7 34. Rxa7 Rxa7 35. Rxa7 Qb8 36. Qa4 Re8 37. Nd7 Qc8 38. 
Nxe5 Qd8 39. Nxf7 Kxf7 40. Qa6 Qd1+ 41. Kg2 f3+ 42. Kh3 Qh1+ 43. Kg4 h5+ 44. 
Kf5 g6+ 45. Kg5 Qc1+ 46. Kh4 Qh1+ 47. Kg5 Re5+ 48. Kh6 Qc1+ 49. Kh7 Qg5 50. 
Rxc7+ Re7 0-1

[Event "Live Chess"]
[Site "Chess.com"]
[Date "2020.05.12"]
[White "Morgenthal, Renaud"]
[Black "Hubert, Rene"]
[Result "0-1"]
[WhiteElo "1147"]
[BlackElo "1232"]
[Round "4"]
[WhiteCountry "bel"]
[BlackCountry "bel"]

{ Cadence : 600+5 } 1. e4 c6 2. d4 d5 3. exd5 cxd5 4. c4 Nf6 5. Nc3 e6 6. a3 
Nc6 7. Nf3 Be7 8. b4 b6 9. b5 Na5 10. Be2 Bb7 11. O-O Rc8 12. Ne5 Nxc4 13. 
Nxc4 dxc4 14. a4 Nd5 15. Bb2 Nf4 16. Bf3 Bxf3 17. Qxf3 Nd3 18. Rab1 Bf6 19. 
d5 Nxb2 20. dxe6 O-O 21. exf7+ Rxf7 22. Nd5 Nd3 23. Rbd1 Ne5 24. Qe4 Qd6 25. 
Nf4 Qf8 26. Ne6 Qe7 27. f4 Qxe6 28. fxe5 Qxe5 29. Qg4 Rcf8 30. Qxc4 Kh8 31. 
Rfe1 Qc5+ 32. Qxc5 bxc5 33. Rc1 Bd4+ 34. Kh1 h6 35. h3 Rf2 36. Re7 Ra2 37. 
Rxa7 Rff2 38. Rg1 c4 39. Kh2 Rfe2 40. Ra8+ Kh7 41. Rf1 Rxg2+ 0-1

[Event "Live Chess"]
[Site "Chess.com"]
[Date "2020.05.13"]
[White "Sauvage, Eric"]
[Black "Nadin, Corinne"]
[Result "1-0"]
[WhiteElo "1502"]
[BlackElo "1280"]
[Round "4"]
[WhiteCountry "bel"]
[BlackCountry "bel"]

{ Cadence : 600+5 } 1. d4 d5 2. c4 Nf6 3. Nc3 Bf5 4. Bf4 e6 5. e3 Bd6 6. Bxd6 
Qxd6 7. Bd3 Bxd3 8. Qxd3 dxc4 9. Qxc4 Qc6 10. Qd3 Nbd7 11. Nf3 Nd5 12. Rc1 
Qb6 13. Qd2 O-O 14. O-O Rfd8 15. a3 c5 16. Na4 Qd6 17. Nxc5 b6 18. Nb7 1-0

[Event "Live Chess"]
[Site "Chess.com"]
[Date "2020.05.13"]
[White "Nadin, Corinne"]
[Black "Sauvage, Eric"]
[Result "0-1"]
[WhiteElo "1271"]
[BlackElo "1515"]
[Round "3"]
[WhiteCountry "bel"]
[BlackCountry "bel"]

{ Cadence : 600+5 } 1. d4 Nf6 2. c4 g6 3. Nf3 Bg7 4. Nc3 d6 5. b3 O-O 6. Bb2 
c5 7. d5 Bg4 8. e3 Nbd7 9. Bd3 Ne5 10. Qc2 Bxf3 11. gxf3 Nxf3+ 12. Ke2 Ne5 
13. f4 Nxd3 14. Qxd3 Qd7 15. Ne4 Nxe4 16. Bxg7 Qg4+ 17. Ke1 Kxg7 18. Qxe4 e6 
19. dxe6 Qxe6 20. Qxe6 fxe6 21. Rd1 Rad8 22. Ke2 d5 23. cxd5 exd5 24. h4 d4 
25. exd4 cxd4 26. Rd3 Rxf4 27. h5 g5 28. Rg1 h6 29. Rgd1 Rh4 0-1

[Event "Live Chess"]
[Site "Chess.com"]
[Date "2020.05.13"]
[White "Pitz, Luc"]
[Black "Szigetvari, Andre"]
[Result "1/2-1/2"]
[WhiteElo "1226"]
[BlackElo "1243"]
[Round "3"]
[WhiteCountry "bel"]
[BlackCountry "bel"]

{ Cadence : 600+5 } 1. f4 d5 2. Nf3 c5 3. g3 Nc6 4. Bg2 Nf6 5. O-O Bg4 6. d3 
e6 7. Qe1 Be7 8. e4 dxe4 9. dxe4 Bxf3 10. Bxf3 Nd4 11. Qc3 Nxf3+ 12. Qxf3 O-O 
13. Be3 Qc7 14. Nc3 a6 15. Rad1 Rfd8 16. e5 Nd7 17. Rd2 Nb6 18. Rfd1 Rxd2 19. 
Bxd2 Rd8 20. b3 c4 21. h4 cxb3 22. cxb3 Bb4 23. Ne4 Bxd2 24. Rxd2 Rxd2 25. 
Nxd2 Qc1+ 26. Nf1 Nd5 27. Kg2 h6 28. Kh3 Qc2 29. Qg2 Qd3 30. Qf2 h5 31. Kg2 
Qe4+ 32. Qf3 Qb1 33. Qf2 g6 34. Qe2 Qc1 35. Qf2 Qb1 1/2-1/2

[Event "Live Chess"]
[Site "Chess.com"]
[Date "2020.05.13"]
[White "Szigetvari, Andre"]
[Black "Pitz, Luc"]
[Result "1-0"]
[WhiteElo "1264"]
[BlackElo "1208"]
[Round "4"]
[WhiteCountry "bel"]
[BlackCountry "bel"]

{ Cadence : 600+5 } 1. e4 e5 2. f4 Qh4+ 3. g3 Qd8 4. Nf3 exf4 5. gxf4 d6 6. 
d4 Bg4 7. Rg1 Bxf3 8. Qxf3 Qh4+ 9. Qg3 Qxg3+ 10. hxg3 Nd7 11. c4 O-O-O 12. 
Nc3 Ne7 13. Bh3 Kb8 14. Be3 Nb6 15. b3 g6 16. a4 f5 17. a5 Nd7 18. e5 dxe5 
19. fxe5 Nc6 20. a6 b6 21. Bg2 Na5 22. Rb1 Bb4 23. Bd2 Rhe8 24. Nd5 Bxd2+ 25. 
Kxd2 c5 26. Kc3 cxd4+ 27. Kxd4 Nxe5 28. Rge1 Nec6+ 29. Kc3 Ne5 30. Re2 Nac6 
31. Rbe1 Re6 32. b4 Rde8 33. Nf4 Rd6 34. b5 g5 35. bxc6 gxf4 36. Rxe5 Rxe5 
37. Rxe5 fxg3 38. Rxf5 1-0

[Event "Live Chess"]
[Site "Chess.com"]
[Date "2020.05.14"]
[White "Sauvage, Eric"]
[Black "Pitz, Luc"]
[Result "1-0"]
[WhiteElo "1523"]
[BlackElo "1202"]
[Round "5"]
[WhiteCountry "bel"]
[BlackCountry "bel"]

{ Cadence : 600+5 } 1. d4 c6 2. c4 d5 3. Nc3 e6 4. e4 Bb4 5. cxd5 exd5 6. Bd3 
dxe4 7. Bxe4 Nf6 8. Bg5 O-O 9. Ne2 Bg4 10. f3 Be6 11. O-O Nbd7 12. a3 Bxc3 
13. Nxc3 Qa5 14. Bd2 Nxe4 15. Nxe4 Qc7 16. Nc5 Rad8 17. Qc2 Nxc5 18. dxc5 Rd5 
19. b4 Rfd8 20. Bc3 Qd7 21. Qf2 Rd3 22. Be5 Rd2 23. Qg3 f5 24. Rfe1 Qf7 25. 
Bc3 R2d3 26. Qe5 Re8 27. Bb2 Rd5 28. Qg3 Rd2 29. Be5 Rd3 30. Red1 Red8 31. 
Rxd3 Rxd3 32. Bb2 g6 33. Qe5 Kf8 34. Re1 Rd2 35. Ba1 Rd3 36. Qb8+ Qe8 37. Qxe8+ 
Kxe8 38. Rxe6+ Kf7 39. Bb2 Rd1+ 40. Kf2 Rd2+ 41. Re2 Rxe2+ 42. Kxe2 Ke6 43. 
Ke3 Kd5 44. Kd3 b6 45. cxb6 axb6 46. a4 g5 47. a5 bxa5 48. bxa5 c5 49. Bc3 
Kc6 50. Kc4 1-0

[Event "Live Chess"]
[Site "Chess.com"]
[Date "2020.05.14"]
[White "Pitz, Luc"]
[Black "Sauvage, Eric"]
[Result "0-1"]
[WhiteElo "1197"]
[BlackElo "1530"]
[Round "6"]
[WhiteCountry "bel"]
[BlackCountry "bel"]

{ Cadence : 600+5 } 1. f4 b6 2. Nf3 Bb7 3. e3 g6 4. g3 Bg7 5. Bg2 e6 6. O-O 
Ne7 7. Qe1 O-O 8. c3 d5 9. d4 c5 10. Bd2 Nbc6 11. Ng5 Ba6 12. Rf2 Bd3 13. Bf1 
Bxf1 14. Qxf1 a5 15. c4 cxd4 16. exd4 Nxd4 17. Be3 Nef5 18. Qh3 h6 19. Nf3 
Nxe3 20. Nxd4 Bxd4 21. Rd2 Nf5+ 22. Kh1 dxc4 23. Nc3 Qd7 24. Ne4 Qc6 25. Re2 
Bxb2 0-1

[Event "Live Chess"]
[Site "Chess.com"]
[Date "2020.05.14"]
[White "Marchal, Georges"]
[Black "Nadin, Corinne"]
[Result "0-1"]
[WhiteElo "1203"]
[BlackElo "1284"]
[Round "5"]
[WhiteCountry "bel"]
[BlackCountry "bel"]

{ Cadence : 600+5 } 1. d4 d5 2. e4 dxe4 3. f3 exf3 4. Nxf3 Bg4 5. Bd3 Nf6 6. 
c3 e6 7. Bg5 Be7 8. O-O O-O 9. Nbd2 Nc6 10. Qe1 h6 11. Bxf6 Bxf6 12. Ne4 Bxf3 
13. Rxf3 Ne7 14. Nxf6+ gxf6 15. Rxf6 Nf5 16. Bxf5 Qxf6 17. Qg3+ Qg7 18. Qxg7+ 
Kxg7 19. Be4 c6 20. Rf1 Rg8 21. Rf3 Raf8 22. Rg3+ Kh8 23. Rh3 f5 24. Bf3 Kh7 
25. Be2 Rg6 26. Bd3 Rfg8 27. Bf1 Re8 28. Rf3 Rg5 29. Rf4 Reg8 30. Rf2 Re8 31. 
Bd3 Rf8 32. Bc4 Re8 33. Bd3 b6 34. b3 Kg7 35. c4 Kf6 36. Rf3 Rd8 37. Rh3 h5 
38. Be2 Rxd4 39. Rxh5 Rxh5 40. Bxh5 Ke5 41. Bf3 c5 42. g3 Rd2 43. h4 Rxa2 44. 
h5 Kf6 45. g4 fxg4 46. Bxg4 Kg7 47. h6+ Kxh6 48. Bxe6 Rb2 49. Bc8 Rxb3 50. 
Ba6 Ra3 51. Bb5 a6 52. Bc6 Kg5 53. Kf2 Kf4 54. Ke2 Ke5 55. Kd2 Kd4 56. Bd5 
Ra2+ 57. Kc1 Ra4 58. Kc2 Rxc4+ 0-1

[Event "Live Chess"]
[Site "Chess.com"]
[Date "2020.05.14"]
[White "Nadin, Corinne"]
[Black "Marchal, Georges"]
[Result "1/2-1/2"]
[WhiteElo "1268"]
[BlackElo "1218"]
[Round "6"]
[WhiteCountry "bel"]
[BlackCountry "bel"]

{ Cadence : 600+5 } 1. d4 d5 2. c4 e5 3. dxe5 d4 4. Nf3 Nc6 5. e3 Bb4+ 6. Bd2 
dxe3 7. Bxb4 exf2+ 8. Ke2 Qxd1+ 9. Kxd1 Nxb4 10. a3 Nc6 11. Ke2 Bg4 12. Kxf2 
Bxf3 13. gxf3 Nxe5 14. Nd2 O-O-O 15. Bh3+ Kb8 16. Rhd1 Nd3+ 17. Kf1 Nxb2 18. 
Re1 Nf6 19. Ne4 Nxe4 20. fxe4 Nxc4 21. a4 Rhe8 22. Rac1 Nd2+ 23. Kf2 Nxe4+ 
24. Kg1 Ng5 25. Bg2 Rxe1+ 26. Rxe1 Ne6 27. Rb1 b6 28. a5 Nf4 29. Be4 g6 30. 
axb6 axb6 31. Ra1 c5 32. Ra8+ Kc7 33. Ra7+ Kd6 34. Rxf7 Ne2+ 35. Kf2 Nc3 36. 
Bf3 Rd7 37. Rf6+ Kc7 38. Rc6+ Kb7 39. Rxc5+ Ka6 40. Rxc3 Rd2+ 41. Kg3 Rd7 42. 
Ra3+ Kb5 43. Rc3 Kb4 44. Rc6 Kb5 45. Rf6 Ka5 46. Be2 b5 47. Rf1 Re7 48. Ra1+ 
Kb6 49. Bf1 Re3+ 50. Kf2 Re5 51. Rb1 Kc5 52. Rxb5+ Kd4 53. Rxe5 Kxe5 54. Kg3 
h6 55. Kg4 Kf6 56. Bd3 h5+ 57. Kh4 Kf7 58. Kg5 Kg7 59. Be4 h4 60. Kxh4 Kf6 
61. Kg4 g5 62. Bf5 Kg7 63. Kxg5 Kf7 64. h4 Kg7 65. h5 Kf7 66. Kh6 Kg8 67. Bh7+ 
Kh8 68. Bf5 Kg8 69. Kg6 Kh8 70. h6 Kg8 71. h7+ Kh8 72. Kh5 Kg7 73. Bg6 Kh8 
74. Kg5 Kg7 75. Kf5 Kh8 76. Ke6 Kg7 77. Ke7 Kh8 1/2-1/2

[Event "Live Chess"]
[Site "Chess.com"]
[Date "2020.05.15"]
[White "Szigetvari, Andre"]
[Black "Hubert, Rene"]
[Result "1-0"]
[WhiteElo "1283"]
[BlackElo "1217"]
[Round "5"]
[WhiteCountry "bel"]
[BlackCountry "bel"]

{ Cadence : 600+5 } 1. e4 c6 2. d4 d5 3. exd5 cxd5 4. Nf3 Nf6 5. Bd3 e6 6. 
O-O Nbd7 7. Bg5 Be7 8. Re1 h6 9. Bh4 a6 10. Nbd2 b5 11. Ne5 Bb7 12. Ndf3 Rc8 
13. Qe2 O-O 14. a4 Nxe5 15. Nxe5 Ne4 16. Bxe7 Qxe7 17. axb5 axb5 18. Bxb5 Qc7 
19. c3 Nd6 20. Bd3 Qb6 21. Nd7 Qc7 22. Nxf8 Rxf8 23. f4 Nc8 24. Qe5 Qb6 25. 
Rab1 Ne7 26. f5 Nc6 27. Qe3 Bc8 28. f6 g5 29. Qh3 Nxd4 30. cxd4 Qxd4+ 31. Kh1 
Qxf6 32. Rf1 Qg7 33. Qg3 f5 34. Qd6 Bb7 35. Rfe1 Qd4 36. Qxe6+ Kh8 37. Bxf5 
Qf4 38. Qxh6+ Kg8 39. Qh7# 1-0

[Event "Live Chess"]
[Site "Chess.com"]
[Date "2020.05.15"]
[White "Hubert, Rene"]
[Black "Szigetvari, Andre"]
[Result "0-1"]
[WhiteElo "1204"]
[BlackElo "1299"]
[Round "6"]
[WhiteCountry "bel"]
[BlackCountry "bel"]

{ Cadence : 600+5 } 1. e4 c5 2. c3 d6 3. d4 cxd4 4. cxd4 a6 5. Nf3 e6 6. Bd3 
Be7 7. O-O Nf6 8. Re1 Nc6 9. a3 Qc7 10. Nc3 O-O 11. h3 b5 12. Be3 Bb7 13. b4 
Rac8 14. Rc1 Qb8 15. Qd2 Rc7 16. e5 dxe5 17. dxe5 Nd7 18. Bf4 Nb6 19. Be3 Nd5 
20. Nxd5 exd5 21. e6 Bd6 22. exf7+ Rcxf7 23. Nd4 Nxd4 24. Bxd4 Qd8 25. Rf1 
Qh4 26. Bc5 Bxc5 27. Rxc5 d4 28. Qg5 Qxg5 29. Rxg5 Rc7 30. Rc5 Rd7 31. Re1 
g6 32. Rf1 Re8 33. Rd1 Kg7 34. Rf1 Kf6 35. g4 Ree7 36. Rd1 Rd5 37. Rxd5 Bxd5 
38. Rc1 Re6 39. Kf1 Kg5 40. Re1 Rxe1+ 41. Kxe1 Kh4 42. Bf1 h5 43. gxh5 gxh5 
44. Ke2 Be6 0-1

[Event "Live Chess"]
[Site "Chess.com"]
[Date "2020.05.15"]
[White "Morgenthal, Renaud"]
[Black "Dans, Guy"]
[Result "1-0"]
[WhiteElo "1155"]
[BlackElo "875"]
[Round "5"]
[WhiteCountry "bel"]
[BlackCountry "bel"]

{ Cadence : 600+5 } 1. e4 c5 2. d4 d6 3. dxc5 Qa5+ 4. Bd2 Qxc5 5. Nf3 Nc6 6. 
Nc3 e6 7. Bd3 Be7 8. O-O Nf6 9. Be3 Qh5 10. Nb5 Bd8 11. Nxd6+ Kd7 12. Nxc8 
Rxc8 13. Be2+ Kc7 14. Bf4+ e5 15. Nxe5 Nxe5 16. Bxh5 1-0

[Event "Live Chess"]
[Site "Chess.com"]
[Date "2020.05.15"]
[White "Dans, Guy"]
[Black "Morgenthal, Renaud"]
[Result "0-1"]
[WhiteElo "867"]
[BlackElo "1162"]
[Round "6"]
[WhiteCountry "bel"]
[BlackCountry "bel"]

{ Cadence : 600+5 } 1. e4 e6 2. d4 d5 3. Nd2 Nf6 4. e5 Nfd7 5. Ngf3 c5 6. c3 
Qb6 7. Qb3 cxd4 8. Qxb6 Nxb6 9. Nxd4 Bc5 10. N2f3 Nc6 11. Bb5 Bd7 12. Nxc6 
Bxc6 13. Bxc6+ bxc6 14. Bg5 O-O 15. O-O h6 16. Bd2 a5 17. Nd4 Bxd4 18. cxd4 
Nc4 19. Bc3 a4 20. b3 axb3 21. axb3 Nb6 22. Rxa8 Rxa8 23. Ra1 Rxa1+ 24. Bxa1 
Nd7 25. f4 f6 26. Kf2 fxe5 27. fxe5 Kf7 28. Kf3 Kg6 29. Kg4 c5 30. h4 c4 31. 
bxc4 dxc4 32. h5+ Kf7 33. Kf4 Nb6 34. g4 Nd5+ 35. Kg3 c3 36. Kf3 c2 37. Bb2 
Nb4 38. Bc1 Nd3 39. Be3 c1=Q 40. Bxc1 Nxc1 41. Ke3 Nb3 42. Kf4 Nxd4 0-1

[Event "Live Chess"]
[Site "Chess.com"]
[Date "2020.05.17"]
[White "Dans, Guy"]
[Black "Szigetvari, Andre"]
[Result "1-0"]
[WhiteElo "906"]
[BlackElo "1267"]
[Round "7"]
[WhiteCountry "bel"]
[BlackCountry "bel"]

{ Cadence : 600+5 } 1. e4 c5 2. Nf3 d6 3. Bb5+ Nc6 4. O-O a6 5. Bxc6+ bxc6 
6. Nc3 e6 7. d4 cxd4 8. Nxd4 Qc7 9. Be3 Nf6 10. f4 Be7 11. Qf3 Bb7 12. Rad1 
O-O 13. a3 c5 14. Nde2 Rab8 15. b3 c4 16. b4 Rfd8 17. Ng3 d5 18. exd5 exd5 
19. Qf2 Ng4 20. Qf3 Nxe3 21. Qxe3 d4 22. Rxd4 Rxd4 23. Qxd4 Bf6 24. Qd2 Rd8 
25. Qe1 Qd6 26. Nce4 Qd4+ 27. Kh1 Bh4 28. c3 Bxg3 29. Nxg3 Qxc3 30. Qxc3 1-0

[Event "Live Chess"]
[Site "Chess.com"]
[Date "2020.05.17"]
[White "Szigetvari, Andre"]
[Black "Dans, Guy"]
[Result "1-0"]
[WhiteElo "1302"]
[BlackElo "863"]
[Round "8"]
[WhiteCountry "bel"]
[BlackCountry "bel"]

{ Cadence : 600+5 } 1. e4 c5 2. f4 e6 3. Nf3 Ne7 4. d4 cxd4 5. Nxd4 Nbc6 6. 
Nc3 d5 7. e5 Ng6 8. Be2 Be7 9. O-O O-O 10. Be3 a6 11. a3 Nxd4 12. Bxd4 b5 13. 
Bh5 Qc7 14. Ne2 Bb7 15. Qd2 Rac8 16. c3 Qc4 17. Kh1 a5 18. Nc1 b4 19. Be2 Qc6 
20. axb4 axb4 21. cxb4 Rb8 22. b5 Qc7 23. Nb3 Rfc8 24. Rfc1 Qd7 25. Nc5 Bxc5 
26. Rxc5 Rxc5 27. Bxc5 Rc8 28. b4 Nh4 29. Kg1 d4 30. Bf1 Nf5 31. Ra7 Qd5 32. 
Ra2 Qe4 33. Bd3 Qe3+ 34. Qxe3 Nxe3 35. g3 Bd5 36. Re2 1-0

[Event "Live Chess"]
[Site "Chess.com"]
[Date "2020.05.17"]
[White "Nadin, Corinne"]
[Black "Morgenthal, Renaud"]
[Result "0-1"]
[WhiteElo "1260"]
[BlackElo "1187"]
[Round "7"]
[WhiteCountry "bel"]
[BlackCountry "bel"]

{ Cadence : 600+5 } 1. d4 Nf6 2. c4 c5 3. Nf3 g6 4. Nc3 cxd4 5. Nxd4 Bg7 6. 
e3 O-O 7. Bd3 a6 8. O-O Nc6 9. Nxc6 dxc6 10. b3 Qa5 11. Bb2 Be6 12. Qc2 Rad8 
13. Rfd1 Rd7 14. Ne4 Nxe4 15. Bxg7 Kxg7 16. Bxe4 Rfd8 17. Rxd7 Rxd7 18. a4 
Rd2 19. Qc1 f5 20. Bb1 Qb4 21. h3 Re2 22. Bc2 Qc3 23. Bd1 Re1+ 24. Kh2 Qd3 
25. Qb1 Qf1 26. Qb2+ Kf7 27. Qd2 Qg1+ 28. Kg3 h5 29. Rc1 g5 30. e4 f4+ 31. 
Kf3 Qh1 32. h4 Bg4# 0-1

[Event "Live Chess"]
[Site "Chess.com"]
[Date "2020.05.17"]
[White "Morgenthal, Renaud"]
[Black "Nadin, Corinne"]
[Result "0-1"]
[WhiteElo "1173"]
[BlackElo "1274"]
[Round "8"]
[WhiteCountry "bel"]
[BlackCountry "bel"]

{ Cadence : 600+5 } 1. e4 c6 2. d4 d5 3. exd5 cxd5 4. c4 dxc4 5. Bxc4 Nf6 6. 
Nc3 Bg4 7. f3 Bf5 8. Nge2 e6 9. O-O Nc6 10. Bg5 Be7 11. Rc1 Qb6 12. Na4 Qa5 
13. Bd2 Qd8 14. Bb5 Rc8 15. Nc5 O-O 16. Nxb7 Qb6 17. Bxc6 Rxc6 18. Rxc6 Qxc6 
19. Na5 Qb5 20. Nb3 Rc8 21. Nc3 Qd7 22. Be3 Nd5 23. Nxd5 Qxd5 24. Qd2 Rc2 25. 
Qa5 Rxb2 26. Qxa7 Qd8 27. Rc1 Bf6 28. Nc5 Bxd4 29. Kh1 Bxe3 30. Re1 Bxc5 31. 
Qxc5 Rxa2 32. Qc4 Rd2 33. g4 Bd3 34. Qc1 Be2 35. Kg2 h6 36. Kg3 Qd6+ 37. Kh3 
Bxf3 38. Qc8+ Kh7 39. Qc3 Qxh2# 0-1